New media Volume III Practices: interaction, identity, culture

Bibliographic Details
Other Authors: Lievrouw, Leah A. (Compiler), Livingstone, Sonia (Compiler)
Format: Book
Language:English
PhysicalDescription:vi, 403 s. faks., fotogr., sch., tab. 25 cm
Published: Los Angeles Sage 2009
ISBN:9781412947107 (viaz.)
Edition:1st publ.
Series:Sage benchmarks in communication
Subjects:

MARC

LEADER 00000cam a2200000 a 4500
001 vtls009496223
003 SK-MaSNL
005 20260301082157.0
008 090428s2009 xxua f 000 0 eng
020 |a 9781412947107 (viaz.) 
040 |a SNK  |b slo  |c SNK  |e AACR2 
041 0 |a eng 
044 |a xxu  |c US 
072 7 |a 316.4/.7  |x Sociálne interakcie  |2 konspekt 
080 |a 316.774  |2 2001 
080 |a 004:316  |2 2001 
080 |a 004:738.5  |2 2001 
080 |a 621.39+004.7  |2 2001 
080 |a 316.42:004  |2 2001 
080 |a 364-78  |2 2001 
080 |a 33  |2 2001 
080 |a 304  |2 2001 
080 |a (082)  |2 2001 
245 0 0 |a New media  |n Volume III  |p Practices: interaction, identity, culture  |c edited by Leah A. Lievrouw and Sonia Livingstone 
246 3 0 |a Practices: interaction, identity, culture 
250 |a 1st publ. 
260 |a Los Angeles  |b Sage  |c 2009 
300 |a vi, 403 s.  |b faks., fotogr., sch., tab.  |c 25 cm 
490 1 |a Sage benchmarks in communication 
650 0 7 |a mediácia  |2 SNKPH  |9 25067 
650 0 7 |a médiá  |x kultúrne aspekty  |2 SNKPH  |9 406667 
650 0 7 |a počítače a spoločnosť  |2 SNKPH  |9 121522 
650 0 7 |a internet  |x kultúrne aspekty  |2 SNKPH  |9 406668 
650 0 7 |a komunikačné technológie  |x kultúrne aspekty  |2 SNKPH  |9 406669 
650 0 7 |a informačná spoločnosť  |2 SNKPH  |9 1237 
650 0 7 |a Mediation  |2 SNKPHeng  |9 319341 
650 0 7 |a Media  |x cultural aspects  |2 SNKPHeng  |9 406670 
650 0 7 |a Computers and society  |2 SNKPHeng  |9 319342 
650 0 7 |a Internet  |x cultural aspects  |2 SNKPHeng  |9 406671 
650 0 7 |a Communication technology  |x cultural aspects  |2 SNKPHeng  |9 406672 
650 0 7 |a Information society  |2 SNKPHeng  |9 274642 
655 7 |a zborníky  |2 SNKPH  |9 70165 
655 7 |a Proceedings  |2 SNKPHeng  |9 304965 
700 1 |a Lievrouw, Leah A.  |4 com  |9 319343 
700 1 |a Livingstone, Sonia  |4 com  |9 319344 
830 0 |a Sage benchmarks in communication  |9 319345 
919 |a 978-1-4129-4710-7 
999 |c 657883  |d 659813 
952 |t snkNEW/3 316.774  |a SNKUST  |b SNKUST  |y PREZ  |7 0  |p 17A0634073  |o snkIC 138143/3  |i snk2009/18799  |8 3  |g 228.20  |0 0  |1 0  |4 0  |d 2009-10-16  |l 0  |r 2025-04-28 00:00:00  |w 2026-02-23